| 000 | 00651 a2200205 4500 | ||
|---|---|---|---|
| 020 | _a0070367337 | ||
| 040 |
_aLibrary of Congress _bEnglish |
||
| 082 | 0 | 0 | _a378.198 |
| 100 | _aLawry, John D. | ||
| 245 | 0 | 0 |
_aCollege 101 : a freshman reader _cJohn D. Lawry. |
| 246 | 3 | _aCollege one hundred one | |
| 246 | 3 | _aCollege one hundred and one | |
| 260 |
_aBoston : _bMcGaw-Hill College, _cc1992. |
||
| 300 |
_axv, 316 p. : _bill. ; _c24 cm. |
||
| 500 | _aIncludes index. | ||
| 650 | 0 |
_aCollege student orientation _zUnited States. |
|
| 650 | 0 |
_aCollege freshmen _zUnited States. |
|
| 650 | 0 |
_aStudy skills _zUnited States. |
|
| 942 |
_cBK _k378.198 LAW _2ddc |
||
| 999 |
_c7383 _d7383 |
||